000 00489nam a2200181Ia 4500
001 24235
005 20260414151030.0
008 260414t2021||||xx |||||||||||||| ||spa||
041 _aESP
082 _a345.2
_bA32 T. 2
100 _aAguirre Núñez, Aroldo Ramiro
_eAUT
245 0 _aCódigo procesal penal en quechua :
_bllakiy atipanakuy kurku runasimipi
260 _c2021
300 _apáginas 267-467 :
_c30 cm.
650 _aDER
654 _aCDE
942 _cLIB
_dJUS
_fJUS
_2ddc
_n
999 _c24235
_d24235